000 00517nam a22001817a 4500
999 _c66781
_d66778
082 _aR/2CS17
100 _aSateesh Kumar
100 _aRoll No. 17CS21
100 _aSupervisor - Prof. Dr. Pardeep Kumar
245 _aIoT Based Patient Healthcare System.
260 _aNawabshah
_bQUEST
_c2020
300 _a36p
700 _aManesh Kumar (Roll No. 17CS23)
700 _aYougesh Raja (Roll No. 17CS25)
700 _aLove Kumar (Roll No. 17CS38)
700 _aJahanzeb Ali (Roll No. 17CS51)
942 _cTHESIS